NY Mets Records - Statistics

General Stats
  • This quiz has been taken 20 times
  • The average score is 5 of 21
Answer Stats
Hint Answer % Correct
Most Home Runs Darryl Strawberry
100%
Most Hits in franchise history David Wright
83%
Most hit by pitches in a career Pete Alonso
78%
Most Career Wins Tom Seaver
72%
Lowest career ERA Jacob deGrom
56%
Lowest ERA in a season Dwight Gooden
39%
Most SB in a single season Jose Reyes
39%
Most Intentional Walks in a season Howard Johnson
17%
Most career saves John Franco
17%
Most hits in a single season Lance Johnson
17%
Most runs in a single season Carlos Beltran
6%
Most games played Ed Kranepool
6%
Most earned runs allowed in career Jerry Koosman
6%
Most saves in a season Jeurys Familia
6%
Most bases on balls allowed in a season Nolan Ryan
6%
Most consecutive decisions as a SP Barolo Colon
0%
Most doubles in a season Bernard Gilkey
0%
Highest career walk rate Brett Saberhagen
0%
Most runs scored in a single game Eduardo Alfonzo
0%
Highest Batting Average in a season John Olerude
0%
Most HR allowed in a season Roger Craig
0%
No matching quizzes found
Score Distribution
Percent of People with Each Score
Percentile by Number Answered
Your Score History
You have not taken this quiz